Patria! (Record no. 45208)

MARC details
000 -Etiqueta do registo
Valores 02723ccm a2200433 4500
100 ## - Dados gerais de processamento
Dados gerais 20030805d1873 k y0pory5003 ba
101 1# - Língua de publicação
Língua por
102 ## - País de publicação
País PT
200 1# - Titulo e menção de responsabilidade
Título próprio Patria!
Informação de outro título canto heroico para piano
-- [Compilação de várias partituras musicais para piano num vol.]
Primeira menção de responsabilidade por E. Lami
Outras menções de responsabilidade podendo servir de acompanhamento á recitacão da poesia do mesmo título [de] Amelia Janny
210 #9 - Publicação
Local de publicação Lisboa
Nome do editor Lence & Viuva Canongia
Data de publicação [1873]
215 ## - Descrição física 
Paginação / Volumes v. Partituras
Dimensões 33 cm
225 2# - Colecção 
Título próprio da colecção Gazeta musical de Lisboa
Indicação de volume [25]
307 ## - Descrição Física
Texto da nota Compilação de várias partituras musicais para piano num vol.
317 ## - Nota de proveniência
Texto da nota Assinatura de posse de Maria Rosa Falé Alves
327 ## - Nota de conteúdo
Texto da nota Patria por E. Lami ; A Realva por M.el Ant.º Corrêa ; Recordações por Carlos A.A. Braga ; Os Lanceiros Elegantes por Eugénio Costa ; Ernani Caprice por J. d' Almeida ; Manolita Bolero para Piano por Ernesto Valladas; Bragança valsa-capricho para Piano por Angelo Frondoni ; Fantasia sobre motivos de Traviata ;
327 ## - Nota de conteúdo
Texto da nota Mathilde de Shabran o pera de Rossini Potpourri para Piano por A. Frondonin ; Valsa para Barbara por C. A. P. Pramão ; Mocking-Bird caprice pour Piano par J. D. Almeida ; Palmira Polka para Piano por Carlota Roiz; Melodia executada na comedia Recordações da Mocidade para Piano por C.A. Bramão ; Rigoletto Fantasie pour Piano par J. d' Almeida ;
327 ## - Nota de conteúdo
Texto da nota Dinorah opera de Meyerbeer pot Pourri transcipto para Piano por Angelo Frondoni ; Improviso sobre motivos hespanhois para Piano por J. d' Almeida; Petit nuage Reverie pour Piano par W. Shcmit; Ecos cde España Canciones para Piano por F. G. Vilamala Melancolie caprice pour piano par W. Shemit; Despertadora Polka para Piano por G.me Ribeiro ; o Pasqqual de Donizetti Fantasia para Piano por J.d' Almeida
327 ## - Nota de conteúdo
Texto da nota Ecos de España Pan y Toros Canciones para Piano por F. G. Vilamala J Due Foscari Fantaisie pour Piano par J. d' Almeida
501 1# - Título colectivo uniforme
Título colectivo uniforme Acompanhamentos para poesia,
606 ## - Nome comum usado como assunto
Palavra de ordem Música para piano
Subdivisão cronológica Séc. 19
606 ## - Nome comum usado como assunto
Palavra de ordem Música para recita—cão
675 ## - CDU
Notação 78.083
Edição BN
Língua por
675 ## - CDU
Notação 78
675 ## - CDU
Notação 786.2
Edição BN
Língua por
675 ## - CDU
Notação 78.089.6
Edição BN
Língua por
700 #1 - Autor principal
Apelido Lami,
Nome Emílio,
Datas 1834-1911
702 #1 - Autor secundário
Apelido Janny,
Nome Amélia,
Datas 1842-1914
Função 520
702 #1 - Autor secundário
Apelido Cruz,
Nome Ivo,
Datas 1901-1985
Função 390
712 02 - Autor entidade secundário
Nome da entidade Lence e Viúva Canongia
712 02 - Autor entidade secundário
Nome da entidade Litografia Moreira
712 01 - Autor entidade secundário
Nome da entidade Portugal.
Subdivisão Conservatório Real de Lisboa
712 01 - Autor entidade secundário
Nome da entidade Portugal.
Subdivisão Conservatório Nacional.
-- Escola de Música
801 #0 - Fonte de origem
País PT
Agência BN
Regras de catalogação RPC
856 40 - Localização e acesso electrónico 
URL <a href="https://purl.pt/32933">https://purl.pt/32933</a>
856 41 - Localização e acesso electrónico 
URL <a href="https://purl.pt/32933/service/media/cover/low">https://purl.pt/32933/service/media/cover/low</a>
856 49 - Localização e acesso electrónico 
URL <a href="https://purl.pt/32933/service/media/pdf">https://purl.pt/32933/service/media/pdf</a>
990 ## - Elementos KOHA
Tipo de documento Livro
Holdings
Aquisição Empréstimo Código de barras Cota Permissão de empréstimo Tipo de documento Nota relativa ao exemplar
Biblioteca Municipal de Redondo Biblioteca Municipal de Redondo 055907 78 PAT Consulta presencial Livro Compilação de várias partituras musicais para piano num vol.

Powered by Koha